Тактика сил: электронный курс

Bibliographic Details
Main Author: Родионов П. В. Павел Вадимович
Corporate Author: Национальный исследовательский Томский политехнический университет (ТПУ) Юргинский технологический институт (филиал) (ЮТИ) Кафедра безопасности жизнедеятельности, экологии и физического воспитания (БЖДЭФВ)
Summary:Заглавие с экрана
В курсе "Тактика сил Единой государственной системы предупреждения и ликвидации чрезвычайных ситуаций и гражданской обороны". Раскрываются: общие сведения о системе РСЧС и ГО, история образования и становление системы РСЧС и ГО в России, организационные основы РСЧС и ГО. Нормативное и правовое регулирование в области ГО, защиты населения и территорий от ЧС природного и техногенного характера, обеспечение пожарной безопасности и безопасности людей на водных объектах. Рассматриваются: общие положения по организации управления, факторы, влияющие на процесс и организацию при проведении АСДНР, этапы организации проведения АСДНР, последовательность, содержание и методы работы командира подразделения (формирования) после получения задачи, правовые основы, цели и мероприятия по защите личного состава, обязанности руководителей спасательных служб и НАСФ при организации и выполнении мероприятий по защите личного состава, порядок и способы рассредоточения личного состава и техники в загородной зоне. Инженерное оборудование районов сосредоточения НАСФ, нормативно-правовое регулирование в области обучения населения и НАСФ ГО.
Доступ по логину и паролю
Language:Russian
Published: Томск, TPU Moodle, 2016
Subjects:
Online Access:http://design.lms.tpu.ru/course/view.php?id=1518
Format: Electronic Book
KOHA link:https://koha.lib.tpu.ru/cgi-bin/koha/opac-detail.pl?biblionumber=652039

MARC

LEADER 00000nlm0a2200000 4500
001 652039
005 20231224150428.0
035 |a (RuTPU)RU\TPU\network\17302 
035 |a RU\TPU\network\17299 
090 |a 652039 
100 |a 20161130d2016 m y0rusy50 ca 
101 0 |a rus 
102 |a RU 
105 |a a j 000zy 
135 |a jrcn ---uucaa 
181 0 |a i  
182 0 |a b 
200 1 |a Тактика сил  |e электронный курс  |f П. В. Родионов  |g Национальный исследовательский Томский политехнический университет (ТПУ), Юргинский технологический институт (филиал) (ЮТИ), Кафедра безопасности жизнедеятельности, экологии и физического воспитания (БЖДЭФВ) 
203 |a Текст  |c электронный 
210 |a Томск  |c TPU Moodle  |d 2016 
300 |a Заглавие с экрана 
330 |a В курсе "Тактика сил Единой государственной системы предупреждения и ликвидации чрезвычайных ситуаций и гражданской обороны". Раскрываются: общие сведения о системе РСЧС и ГО, история образования и становление системы РСЧС и ГО в России, организационные основы РСЧС и ГО. Нормативное и правовое регулирование в области ГО, защиты населения и территорий от ЧС природного и техногенного характера, обеспечение пожарной безопасности и безопасности людей на водных объектах. Рассматриваются: общие положения по организации управления, факторы, влияющие на процесс и организацию при проведении АСДНР, этапы организации проведения АСДНР, последовательность, содержание и методы работы командира подразделения (формирования) после получения задачи, правовые основы, цели и мероприятия по защите личного состава, обязанности руководителей спасательных служб и НАСФ при организации и выполнении мероприятий по защите личного состава, порядок и способы рассредоточения личного состава и техники в загородной зоне. Инженерное оборудование районов сосредоточения НАСФ, нормативно-правовое регулирование в области обучения населения и НАСФ ГО. 
333 |a Доступ по логину и паролю 
606 1 |a Гражданская оборона (ГО)  |2 stltpush  |3 (RuTPU)RU\TPU\subj\8471  |9 35877 
610 1 |a электронный ресурс 
610 1 |a труды учёных ТПУ 
610 1 |a электронное обучение 
610 1 |a электронные курсы ТПУ 
610 1 |a единая государственная система 
610 1 |a чрезвычайные ситуации 
610 1 |a гражданская оборона 
610 1 |a правовое регулирование 
610 1 |a нормативное регулирование 
610 1 |a пожарная безопасность 
610 1 |a электронные учебные пособия 
610 1 |a учебные пособия 
686 |a Ц69я73  |2 rubbk 
700 1 |a Родионов  |b П. В.  |c специалист в области экологии и безопасности жизнедеятельности  |c старший преподаватель Юргинский технологический институт (филиала) Томского политехнического университета, кандидат педагогических наук  |f 1972-  |g Павел Вадимович  |3 (RuTPU)RU\TPU\pers\32092  |9 16131 
712 0 2 |a Национальный исследовательский Томский политехнический университет (ТПУ)  |b Юргинский технологический институт (филиал) (ЮТИ)  |b Кафедра безопасности жизнедеятельности, экологии и физического воспитания (БЖДЭФВ)  |3 (RuTPU)RU\TPU\col\18930 
801 2 |a RU  |b 63413507  |c 20170209  |g RCR 
856 4 |u http://design.lms.tpu.ru/course/view.php?id=1518 
942 |c CF